000 00873nam a2200265Ia 4500
003 OSt
005 20220930185445.0
006 a|||||r|||| 00| 0
007 ta
008 220926b |||||||| |||| 00| 0 eng d
020 _a9351250407 (hbk)
_c1200
024 _a16995
037 _bCBS/172, 10/12/2014, Classic Book Service
_cTextbook
040 _aCRL
_cCRL
_beng
041 _2eng
_aeng
082 _aX:77.29W, Q4
100 _aSingha Komol Ed.
_933861
245 0 _aIdentity politics and economic develpment in North East India
260 _aNew Delhi
_bConcept Publishing Company India
_c2014
300 _axii,372p.
_ccm.
650 _aECONOMICS
700 _a Singh M Amarjeet Ed.
_9452829
942 _hX:77.29W, Q4
_cTB
_2CC
999 _c890270
_d890270